| 000 | 01301cam a2200325 4500 | ||
|---|---|---|---|
| 001 | 3445 | ||
| 005 | 20230410121135.0 | ||
| 008 | 060907n2006 sp spa | ||
| 035 | _a(OCoLC)ocn123941858 | ||
| 040 |
_aPL# _bspa _cPL# |
||
| 020 | _a8487072763 | ||
| 020 | _a9788487072765 | ||
| 029 | 0 |
_aPL# _b070001931 |
|
| 035 | _a(OCoLC)123941858 | ||
| 050 | 1 | 4 |
_aJV 6038 _bS471i 2006 |
| 111 | 2 |
_aSeminario Inmigración y Europa. _c(3o . Barcelona . 2006). |
|
| 245 | 1 | 0 |
_aInmigración y derechos de ciudadanía / _cIII Seminario Inmigración y Europa. |
| 260 |
_aBarcelona : _bFundacio CIDOB, _c[2006]. |
||
| 300 |
_a224 p. : _bgráf. ; _c30 cm. |
||
| 490 | 1 | _aColección Monografías | |
| 500 | _aIII Seminario Inmigración y Europa celebrado en Barcelona del 15 al 16 de diciembre de 2005. | ||
| 650 | 0 |
_aEmigration and immigration _zEuropean Union countries _vCongresses. |
|
| 650 | 0 |
_aEmigration and immigration law _vCongresses. |
|
| 653 |
_aInmigración _aDerecho _aAspectos sociales _aCongresos, Conferencias, etc. |
||
| 653 |
_aInmigración _aDerecho _aEstudios _aConferencias, Congresos, etc. |
||
| 710 | 2 | _aCentre d'Informació i Documentació Internacionals de Barcelona - CIDOB | |
| 938 |
_aPuvill Libros _bPUVL _n9788487072765 _c$28.60 |
||
| 942 |
_2lcc _cbk |
||
| 994 |
_aC0 _bDRFGD |
||
| 999 |
_c58754 _d58754 |
||